| 000 | 00338nam a2200133Ia 4500 | ||
|---|---|---|---|
| 005 | 20260326235439.0 | ||
| 008 | 260326s9999||||xx |||||||||||||| ||und|| | ||
| 100 | _aCardona G., Ramiro | ||
| 245 | 0 |
_aMigración y Desarrollo Urbano / _cRamiro Cardona G. |
|
| 260 | _bPonce de León | ||
| 300 | _a325 p. | ||
| 650 | _aURBANISMO | ||
| 942 | _cBK | ||
| 999 |
_c7343 _d7343 |
||